| 000 | 00000nas 2200000za 4500 |
| 001 | 9.821776 |
| 003 | CaOODSP |
| 005 | 20221107143535 |
| 007 | cr ||||||||||| |
| 008 | 160728d19581958onczx p oss f0###b0fre|d |
| 022 | |y0837-8843 |
| 040 | |aCaOODSP|bfre |
| 043 | |an-cn--- |
| 086 | 1 |aCS71-502F-PDF |
| 245 | 03|aLa main-d'oeuvre |h[ressource électronique] / |cBureau fédéral de la statistique, Division des enquêtes spéciales. |
| 260 | |a[Ottawa] : |bLa Division, |c[1958]. |
| 310 | |aIrrégulier |
| 362 | 0 |aNov. 1945/juil. 1958. |
| 490 | 1 |aDocument de référence |
| 500 | |aPubli. aussi en anglais sous le titre : The labour force. |
| 500 | |aÉdition numérisée de l’imprimé [par Statistique Canada]. |
| 692 | 07|2gccst|aMarché du travail |
| 710 | 1 |aCanada.|bBureau fédéral de la statistique.|bDivision des enquêtes spéciales. |
| 775 | 08|tThe labour force |w(CaOODSP)9.810533 |
| 830 | #0|aDocument de référence (Canada. Bureau fédéral de la statistique)|w(CaOODSP)9.820714 |